Oceňování služebností

Salvato in:
Dettagli Bibliografici
Autore principale: Hanák, Jakub
Altri autori: Kuhrová, Kristýna, Sedláček, Jan
Natura: Libro
Lingua:ceco
Pubblicazione: Praha Wolters Kluwer 2018
Edizione:1. vydání
Serie:Právo prakticky
Soggetti:
Tags: Aggiungi Tag
Nessun Tag, puoi essere il primo ad aggiungerne!!

MARC

LEADER 00000nam a2200000 4500
001 0258963
005 20240221113043.3
020 |a 978-80-7552-628-1 
020 |a 978-80-7552-629-8 
041 0 |a cze 
044 |a CZ 
245 1 0 |a Oceňování služebností  |c Jakub Hanák, Kristýna Kuhrová, Jan Sedláček 
250 |a 1. vydání 
264 1 |a Praha  |b Wolters Kluwer  |c 2018 
300 |a 161 s. 
490 1 |a Právo prakticky 
830 0 |a Právo prakticky 
610 2 0 |a pozemky 
610 2 0 |a vlastníci 
610 2 0 |a právo vlastnícke 
610 2 0 |a záujmy verejné 
610 2 0 |a siete inžinierske 
610 2 0 |a energetika 
610 2 0 |a konflikty 
610 2 0 |a znalectvo 
610 2 0 |a úpravy právne 
610 2 0 |a zákonník občiansky 
610 2 0 |a odškodnenie 
610 2 0 |a cena nehnuteľností 
610 2 0 |a zákony 
610 2 0 |a Česko 
100 1 |a Hanák, Jakub 
700 1 |a Kuhrová, Kristýna 
700 1 |a Sedláček, Jan